000
00282nam a2200121Ia 4500
008
220204s9999 xx 000 0 und d
082
_a
929A/Z(MAR)
_b
JOS
100
_a
Damodaran, K
245
0
_a
Marx comes to India
260
_a
Delhi
_b
Manohar
_c
1975
700
_a
P C
942
_c
BK
999
_c
27734
_d
27734